[Event "RUS-chT (Women) 18th"]
[Site "Sochi"]
[Date "2016.05.10"]
[Round "9.4"]
[White "Petrova, Olga"]
[Black "Baraeva, Marina"]
[Result "0-1"]
[WhiteElo "2163"]
[BlackElo "2208"]
[PlyCount "72"]
[EventDate "2016.05.01"]
[EventType "team-tourn"]
[EventRounds "9"]
[EventCountry "RUS"]
[SourceTitle "CBM 172 Extra"]
[Source "ChessBase"]
[SourceDate "2016.06.21"]
[SourceVersion "1"]
[SourceVersionDate "2016.06.21"]
[SourceQuality "1"]
[WhiteTeam "Rostov on Don (W)"]
[BlackTeam "Krasnodar Belorechensk Uni (W)"]
[WhiteTeamCountry "RUS"]
[BlackTeamCountry "RUS"]

1. Nf3 Nf6 2. c4 c5 3. Nc3 Nc6 4. d4 cxd4 5. Nxd4 g6 6. e4 Nxd4 7. Qxd4 d6 8. Be2 Bg7 9. Be3 0-0 10. Qd2 Be6 11. Rc1 Qa5 12. b3 Rfc8 13. f3 a6 14. Na4 Qxd2+ 15. Kxd2 Nd7 16. f4 Rc7 17. Rhf1 Nc5 18. Nxc5 dxc5 19. Kc2 b5 20. Kb1 b4 21. Rcd1 Bc3 22. g4 a5 23. e5 a4 24. bxa4 f5 25. g5 Rxa4 26. Rd8+ Kg7 27. Rf2 Rca7 28. Bd1 R4a5 29. Bb3 Bd7 30. Re2 Bc6 31. Rc8 Be4+ 32. Kc1 Ra3 33. Rb2 Rxb3 34. Rxb3 Rxa2 35. Rb1 Bxb1 36. Bxc5 Bd3 0-1

[Event "RUS-chT (Women)"]
[Site "Sochi"]
[Date "2015.05.01"]
[Round "1.1"]
[White "Petrova, Olga"]
[Black "Kovalevskaya, Ekaterina"]
[Result "0-1"]
[WhiteElo "2176"]
[BlackElo "2438"]
[PlyCount "52"]
[EventDate "2015.05.01"]
[EventType "team-swiss"]
[EventRounds "7"]
[EventCountry "RUS"]
[SourceTitle "CBM 166 Extra"]
[Source "ChessBase"]
[SourceDate "2015.06.18"]
[SourceVersion "1"]
[SourceVersionDate "2015.06.18"]
[SourceQuality "1"]
[WhiteTeam "Rostov Donchanka (W)"]
[BlackTeam "Moscow Our Heritage (W)"]
[WhiteTeamCountry "RUS"]
[BlackTeamCountry "RUS"]

1. e4 c5 2. Nf3 Nc6 3. Bb5 g6 4. Bxc6 bxc6 5. 0-0 Bg7 6. e5 f6 7. Re1 fxe5 8. Nxe5 Nf6 9. Nc3 0-0 10. Qe2 e6 11. d3 Nd5 12. Nxd5 cxd5 13. c3 d6 14. Nf3 e5 15. Bg5 Qc7 16. Nd2 Bb7 17. Qg4 Rf5 18. f4 Raf8 19. fxe5 dxe5 20. Rf1 Qb6 21. Be3 d4 22. cxd4 cxd4 23. Bg5 h6 24. Be7 Qe6 25. Rxf5 Rxf5 26. Qh4 Rf4 0-1

[Event "Dvorkovich Memorial op-A 9th"]
[Site "Taganrog"]
[Date "2014.08.03"]
[Round "3"]
[White "Weetik, Vjacheslav"]
[Black "Petrova, Olga"]
[Result "1-0"]
[WhiteElo "2456"]
[BlackElo "2190"]
[PlyCount "111"]
[EventDate "2014.08.02"]
[EventType "swiss"]
[EventRounds "10"]
[EventCountry "RUS"]
[SourceTitle "CBM 162 Extra"]
[Source "ChessBase"]
[SourceDate "2014.10.17"]
[SourceVersion "1"]
[SourceVersionDate "2014.10.17"]
[SourceQuality "1"]

1. d4 Nf6 2. c4 g6 3. Nc3 Bg7 4. e4 d6 5. f4 c5 6. dxc5 Qa5 7. Bd3 Qxc5 8. Nf3 Nc6 9. Qe2 0-0 10. Be3 Qa5 11. 0-0 Ng4 12. Bd2 Nd4 13. Nxd4 Bxd4+ 14. Kh1 Qh5 15. h3 Nf6 16. Qxh5 Nxh5 17. Kh2 f5 18. Nd5 Kf7 19. Rae1 e6 20. Nc7 Rb8 21. Nb5 Bxb2 22. Nxd6+ Kg8 23. exf5 exf5 24. c5 Bf6 25. Bc4+ Kh8 26. Ba5 b6 27. cxb6 axb6 28. Bb4 Bh4 29. Re3 Bd7 30. Nf7+ Kg7 31. Bxf8+ Rxf8 32. Ne5 Bc8 33. g3 Bf6 34. Be2 Bb7 35. Rc1 Bd5 36. Rc7+ Kh6 37. Bxh5 gxh5 38. Nd7 Rf7 39. Nxf6 Rxf6 40. Ree7 Bg8 41. h4 Rd6 42. a3 Rf6 43. Rg7 Rf8 44. Rb7 Rd8 45. Rgd7 Rxd7 46. Rxd7 b5 47. Kg1 Bc4 48. Kf2 Kg6 49. Ke3 h6 50. Kd4 Bb3 51. Ke5 Bc2 52. Rd6+ Kg7 53. Rd7+ Kg6 54. Rb7 Bd3 55. Kd4 Bf1 56. Kc5 1-0

[Event "Dvorkovich Memorial op-A 9th"]
[Site "Taganrog"]
[Date "2014.08.02"]
[Round "1"]
[White "Petrova, Olga"]
[Black "Tsyhanchuk, Stanislav"]
[Result "1-0"]
[WhiteElo "2190"]
[BlackElo "2383"]
[PlyCount "75"]
[EventDate "2014.08.02"]
[EventType "swiss"]
[EventRounds "10"]
[EventCountry "RUS"]
[SourceTitle "CBM 162 Extra"]
[Source "ChessBase"]
[SourceDate "2014.10.17"]
[SourceVersion "1"]
[SourceVersionDate "2014.10.17"]
[SourceQuality "1"]

1. e4 c5 2. Nf3 e6 3. d4 cxd4 4. Nxd4 a6 5. Bd3 Bc5 6. Nb3 Be7 7. 0-0 Nc6 8. Nc3 d6 9. Be3 Bf6 10. f4 Nge7 11. Qe1 0-0 12. a4 Ng6 13. a5 Bd7 14. Bb6 Qe7 15. e5 dxe5 16. Bc5 Qd8 17. Bxf8 Qxf8 18. fxe5 Bxe5 19. Na4 Be8 20. Kh1 Bd6 21. Be4 Nge5 22. Nb6 Rd8 23. Rd1 Qe7 24. c3 f5 25. Bb1 Qf6 26. Ba2 Bf7 27. h3 g5 28. Nd2 Nd3 29. Ne4 Qe5 30. Nf6+ Qxf6 31. Rxd3 Ne5 32. Rd4 Nc6 33. Re4 e5 34. Nd5 Qg6 35. Ra4 e4 36. Qf2 f4 37. Rxe4 Ne5 38. Rxe5 1-0

[Event "Dvorkovich Memorial op 8th"]
[Site "Taganrog"]
[Date "2013.07.30"]
[Round "9"]
[White "Tsyhanchuk, Stanislav"]
[Black "Petrova, Olga"]
[Result "1-0"]
[WhiteElo "2412"]
[BlackElo "2227"]
[PlyCount "59"]
[EventDate "2013.07.22"]
[EventType "swiss"]
[EventRounds "9"]
[EventCountry "RUS"]
[SourceTitle "CBM 155 Extra"]
[Source "ChessBase"]
[SourceDate "2013.08.26"]
[SourceVersion "1"]
[SourceVersionDate "2013.08.26"]
[SourceQuality "1"]

1. e4 d6 2. d4 Nf6 3. Nc3 c6 4. a4 Qa5 5. f3 e5 6. Be3 Nbd7 7. Bc4 d5 8. exd5 cxd5 9. Bb5 e4 10. fxe4 dxe4 11. Nge2 a6 12. Bxd7+ Bxd7 13. 0-0 Bd6 14. Bf4 Qc7 15. Bxd6 Qxd6 16. Ng3 e3 17. Qd3 0-0 18. Qxe3 Rfe8 19. Qd3 Ng4 20. Nce4 Qh6 21. h3 Ne3 22. Rf3 Nd5 23. Raf1 Bxa4 24. c4 Nb6 25. Rxf7 Qe6 26. Ng5 Qh6 27. Nf5 Qxg5 28. Rxg7+ Qxg7 29. Nxg7 Kxg7 30. Qg3+ 1-0

[Event "Dvorkovich Memorial op 8th"]
[Site "Taganrog"]
[Date "2013.07.29"]
[Round "8"]
[White "Petrova, Olga"]
[Black "Zakaryan, David"]
[Result "1-0"]
[WhiteElo "2227"]
[BlackElo "2276"]
[PlyCount "63"]
[EventDate "2013.07.22"]
[EventType "swiss"]
[EventRounds "9"]
[EventCountry "RUS"]
[SourceTitle "CBM 155 Extra"]
[Source "ChessBase"]
[SourceDate "2013.08.26"]
[SourceVersion "1"]
[SourceVersionDate "2013.08.26"]
[SourceQuality "1"]

1. e4 c5 2. Nf3 e6 3. d4 cxd4 4. Nxd4 Bc5 5. Nc3 Qf6 6. Be3 Nc6 7. Nxe6 fxe6 8. Bxc5 Nge7 9. Be3 0-0 10. Be2 Rd8 11. Qd6 Ne5 12. 0-0-0 N7g6 13. Kb1 Nf7 14. Qg3 b6 15. h4 Bb7 16. h5 Ne7 17. Rh4 e5 18. f4 d5 19. fxe5 Qxe5 20. Bf4 Qf6 21. Bc7 Rd7 22. Rf1 Qc6 23. Rg4 g6 24. hxg6 Nxg6 25. Nxd5 Kh8 26. Rf6 Qc5 27. Rgxg6 hxg6 28. b4 Qd4 29. Rxf7 Rxd5 30. exd5 Qxb4+ 31. Ka1 Qd4+ 32. c3 1-0

[Event "RUS-ch U20 Girls"]
[Site "Loo"]
[Date "2013.04.23"]
[Round "8"]
[White "Petrova, Olga"]
[Black "Gvanceladze, Anna"]
[Result "1-0"]
[WhiteElo "2238"]
[BlackElo "2183"]
[PlyCount "119"]
[EventDate "2013.04.16"]
[EventType "tourn"]
[EventRounds "9"]
[EventCountry "RUS"]
[SourceTitle "CBM 154 Extra"]
[Source "ChessBase"]
[SourceDate "2013.06.25"]
[SourceVersion "2"]
[SourceVersionDate "2013.06.25"]
[SourceQuality "1"]

1. e4 c6 2. d4 d5 3. e5 Bf5 4. Nf3 e6 5. Be2 Nd7 6. 0-0 Bg6 7. a4 Nh6 8. Nbd2 Be7 9. Nb3 Nf5 10. a5 a6 11. g4 Nh4 12. Nxh4 Bxh4 13. f4 f5 14. exf6 Bxf6 15. c4 0-0 16. g5 Be7 17. c5 e5 18. dxe5 Nxc5 19. Nd4 Bf7 20. Bg4 Ne4 21. Ne6 Bxe6 22. Bxe6+ Kh8 23. Qg4 Bc5+ 24. Kg2 g6 25. Rf3 Qe7 26. h4 Rae8 27. Bd7 Rd8 28. e6 Bd4 29. h5 Qc5 30. hxg6 Qc2+ 31. Kh3 hxg6 32. Qh4+ Kg8 33. Qh6 Qd1 34. Qxg6+ Bg7 35. Raa3 Qxc1 36. e7 Qh1+ 37. Kg4 Qg2+ 38. Kh5 Qh2+ 39. Rh3 Qe2+ 40. Bg4 Ng3+ 41. Raxg3 Qxe7 42. Be6+ Rf7 43. Kg4 Kf8 44. Bxf7 Qxf7 45. Qxf7+ Kxf7 46. f5 d4 47. f6 Bf8 48. Kh5 c5 49. b3 Rd5 50. Rd3 Bd6 51. Rhf3 Bf8 52. Rf4 Bd6 53. Rf1 Bf8 54. Rdf3 Ke6 55. Kg6 Re5 56. f7 Ke7 57. Rf5 Re6+ 58. Kh7 Re3 59. g6 Rg3 60. Re1+ 1-0

[Event "Belorechensk Sarkisov Memorial op"]
[Site "Belorechensk"]
[Date "2012.05.23"]
[Round "1"]
[White "Skripnikov, Velori"]
[Black "Petrova, Olga"]
[Result "0-1"]
[WhiteElo "1688"]
[BlackElo "2258"]
[PlyCount "68"]
[EventDate "2012.05.23"]
[EventType "swiss"]
[EventRounds "9"]
[EventCountry "RUS"]
[SourceTitle "CBM 148 Extra"]
[Source "ChessBase"]
[SourceDate "2012.06.22"]
[SourceVersion "1"]
[SourceVersionDate "2012.06.22"]
[SourceQuality "1"]

1. e4 d6 2. d4 Nf6 3. Nc3 c6 4. Be3 Nbd7 5. Be2 Qa5 6. Qd2 e5 7. d5 c5 8. Nf3 a6 9. a3 b5 10. 0-0 Be7 11. Rfb1 Qc7 12. b3 0-0 13. b4 Bb7 14. Ne1 Rac8 15. Rb3 cxb4 16. axb4 Nb6 17. f3 Nfd7 18. g4 Nc4 19. Bxc4 Qxc4 20. Qd3 Bd8 21. Qxc4 Rxc4 22. Ne2 Nb6 23. Bxb6 Bxb6+ 24. Kf1 g6 25. Ng3 Bd4 26. Raa3 Rfc8 27. Ne2 Bb6 28. h3 R8c7 29. Ra2 Bc8 30. c3 f5 31. Nc2 fxe4 32. Na3 exf3 33. Nxc4 fxe2+ 34. Kxe2 Rxc4 0-1

[Event "RUS-ch U20 Girls"]
[Site "Sochi"]
[Date "2012.04.26"]
[Round "9"]
[White "Belenkaya, Dina"]
[Black "Petrova, Olga"]
[Result "1-0"]
[WhiteElo "2229"]
[BlackElo "2250"]
[PlyCount "73"]
[EventDate "2012.04.18"]
[EventType "tourn"]
[EventRounds "9"]
[EventCountry "RUS"]
[EventCategory "1"]
[SourceTitle "CBM 148 Extra"]
[Source "ChessBase"]
[SourceDate "2012.06.22"]
[SourceVersion "1"]
[SourceVersionDate "2012.06.22"]
[SourceQuality "1"]

1. e4 d6 2. d4 Nf6 3. Nc3 c6 4. Nf3 Bg4 5. h3 Bh5 6. Qe2 e6 7. g4 Bg6 8. h4 h5 9. g5 Nfd7 10. Bh3 Be7 11. Be3 d5 12. exd5 cxd5 13. 0-0 0-0 14. Bf4 Nc6 15. Nd1 Nb4 16. Ne3 Rc8 17. Ne1 Nb6 18. c3 Nc6 19. Bg3 Bd6 20. N1g2 Bxg3 21. fxg3 Qd6 22. Nf4 Rce8 23. Neg2 e5 24. Nxg6 exd4 25. Qxh5 fxg6 26. Rxf8+ Rxf8 27. Qg4 dxc3 28. bxc3 Qc5+ 29. Kh1 Qxc3 30. Re1 Nd4 31. h5 gxh5 32. Qxh5 Qd3 33. Re3 Rf1+ 34. Kh2 Nf3+ 35. Rxf3 Rxf3 36. Qe8+ Kh7 37. Be6 1-0

[Event "RUS-ch U20 Girls"]
[Site "Sochi"]
[Date "2012.04.23"]
[Round "6"]
[White "Petrova, Olga"]
[Black "Savina, Anastasia"]
[Result "1/2-1/2"]
[WhiteElo "2250"]
[BlackElo "2325"]
[PlyCount "86"]
[EventDate "2012.04.18"]
[EventType "tourn"]
[EventRounds "9"]
[EventCountry "RUS"]
[EventCategory "1"]
[SourceTitle "CBM 148 Extra"]
[Source "ChessBase"]
[SourceDate "2012.06.22"]
[SourceVersion "1"]
[SourceVersionDate "2012.06.22"]
[SourceQuality "1"]

1. e4 c5 2. Nf3 Nc6 3. d4 cxd4 4. Nxd4 Nf6 5. Nc3 d6 6. Be2 e5 7. Nb3 Be7 8. Be3 0-0 9. 0-0 a5 10. a4 Nb4 11. Kh1 b6 12. f4 Bb7 13. Bf3 Qc7 14. Qd2 Bc6 15. Qf2 Qb7 16. Bxb6 Rfb8 17. fxe5 Qxb6 18. exf6 Bxf6 19. Nc1 Be5 20. Nd1 Qxf2 21. Rxf2 Na6 22. Nd3 Nc5 23. Nxe5 dxe5 24. b3 Bxe4 25. Bxe4 Nxe4 26. Re2 f5 27. g4 g6 28. gxf5 gxf5 29. Ne3 Nd6 30. Rd1 Ra6 31. Rd5 Re8 32. Nc4 Nxc4 33. bxc4 Rae6 34. Rxa5 Kf7 35. Kg2 Kf6 36. Kf3 Rc8 37. c5 Rec6 38. c4 Rxc5 39. Ra6+ R8c6 40. Rxc6+ Rxc6 41. Rc2 Rc5 42. Ke3 Ke6 43. Kd3 Ra5 1/2-1/2

[Event "RUS-ch U20 Girls"]
[Site "Sochi"]
[Date "2012.04.19"]
[Round "2"]
[White "Balaian, Alina"]
[Black "Petrova, Olga"]
[Result "1-0"]
[WhiteElo "2203"]
[BlackElo "2250"]
[PlyCount "85"]
[EventDate "2012.04.18"]
[EventType "tourn"]
[EventRounds "9"]
[EventCountry "RUS"]
[EventCategory "1"]
[SourceTitle "CBM 148 Extra"]
[Source "ChessBase"]
[SourceDate "2012.06.22"]
[SourceVersion "1"]
[SourceVersionDate "2012.06.22"]
[SourceQuality "1"]

1. e4 d6 2. d4 Nf6 3. Nc3 c6 4. f4 Qa5 5. Bd3 e5 6. Nf3 Nbd7 7. 0-0 Be7 8. Ne2 d5 9. Nxe5 dxe4 10. Bc4 0-0 11. Ng3 Nb6 12. Bb3 c5 13. c3 cxd4 14. cxd4 Be6 15. Bc2 Rad8 16. Nxe4 Qb4 17. f5 Rxd4 18. Nxf6+ Bxf6 19. Nd3 Rxd3 20. Bxd3 Bc4 21. Bxc4 Nxc4 22. Qb3 Qc5+ 23. Kh1 b5 24. Bf4 Bxb2 25. Rab1 Bd4 26. Qxb5 Ne3 27. Qxc5 Bxc5 28. Rfc1 Bd4 29. Rb4 Nxf5 30. g4 Be3 31. Rd1 Bxf4 32. Rxf4 Ne7 33. Ra4 Nc8 34. Rc4 g6 35. Rc7 Kg7 36. Rdc1 Nd6 37. Rxa7 Re8 38. Rc2 Re4 39. h3 Re3 40. Kg2 Ne4 41. a4 Ng5 42. Rf2 Kg8 43. h4 1-0

[Event "Rostov Region-ch op"]
[Site "Rostov on Don"]
[Date "2011.10.20"]
[Round "9.2"]
[White "Kotenko, Pavel"]
[Black "Petrova, Olga"]
[Result "1/2-1/2"]
[WhiteElo "2405"]
[BlackElo "2211"]
[PlyCount "67"]
[EventDate "2011.10.20"]
[EventType "swiss"]
[EventRounds "9"]
[EventCountry "RUS"]
[SourceTitle "EXT 2022"]
[Source "ChessBase"]
[SourceDate "2021.10.06"]
[SourceVersion "1"]
[SourceVersionDate "2021.10.06"]
[SourceQuality "1"]

1. e4 d6 2. d4 Nf6 3. Nc3 c6 4. a4 Nbd7 5. g3 e5 6. Nge2 Be7 7. Bg2 0-0 8. 0-0 Qc7 9. h3 Rb8 10. Be3 a5 11. g4 h6 12. Ng3 Nh7 13. Nf5 Bg5 14. f4 exf4 15. Bxf4 Bxf4 16. Rxf4 g6 17. Ne3 Ng5 18. Qd2 Qb6 19. Rf2 Qb4 20. Raf1 Ne6 21. d5 Ng7 22. Ned1 h5 23. g5 Ne5 24. Ne3 Bd7 25. b3 c5 26. Nb1 b5 27. axb5 Bxb5 28. Rd1 Ba6 29. Qxb4 cxb4 30. Nd2 Rbc8 31. Ra1 Rc5 32. Bf1 Ra8 33. Ra4 Rc3 34. Rxa5 1/2-1/2

[Event "RUS-ch (Women) 61st"]
[Site "Taganrog"]
[Date "2011.06.24"]
[Round "8"]
[White "Petrova, Olga"]
[Black "Ivkina, Olga"]
[Result "0-1"]
[WhiteElo "2256"]
[BlackElo "2294"]
[PlyCount "88"]
[EventDate "2011.05.15"]
[EventType "swiss"]
[EventRounds "9"]
[EventCountry "RUS"]
[SourceTitle "EXT 2012"]
[Source "ChessBase"]
[SourceDate "2011.11.24"]
[SourceVersion "1"]
[SourceVersionDate "2011.11.24"]
[SourceQuality "1"]

1. e4 e6 2. d4 d5 3. Nc3 Bb4 4. e5 c5 5. a3 Bxc3+ 6. bxc3 Ne7 7. Nf3 b6 8. Bb5+ Bd7 9. Bd3 c4 10. Bf1 Ba4 11. g3 h6 12. Bh3 Nbc6 13. Nh4 g5 14. Ng2 Qc7 15. f4 0-0-0 16. 0-0 Rdg8 17. f5 exf5 18. Bxf5+ Nxf5 19. Rxf5 Rg7 20. Ne3 Ne7 21. Rf6 Bd7 22. Qh5 Be6 23. Rxh6 Rxh6 24. Qxh6 Rg6 25. Qh8+ Rg8 26. Qf6 Qd7 27. a4 Rg6 28. Qh8+ Rg8 29. Qh7 Qe8 30. a5 Kb7 31. axb6 axb6 32. Ba3 Ng6 33. Rf1 Rh8 34. Qg7 Qg8 35. Nf5 Kc6 36. Qf6 Qh7 37. Rf2 Ra8 38. Bc1 Ra1 39. Qxg5 Nf8 40. Nd6 Nd7 41. Rf1 Qxc2 42. Qd8 Nxe5 43. dxe5 Ra2 44. Qe8+ Bd7 0-1

[Event "RUS-ch (Women) 61st"]
[Site "Taganrog"]
[Date "2011.06.19"]
[Round "4"]
[White "Petrova, Olga"]
[Black "Fominykh, Maria"]
[Result "1-0"]
[WhiteElo "2256"]
[BlackElo "2291"]
[PlyCount "159"]
[EventDate "2011.05.15"]
[EventType "swiss"]
[EventRounds "9"]
[EventCountry "RUS"]
[SourceTitle "EXT 2012"]
[Source "ChessBase"]
[SourceDate "2011.11.24"]
[SourceVersion "1"]
[SourceVersionDate "2011.11.24"]
[SourceQuality "1"]

1. e4 d6 2. d4 Nf6 3. Nc3 e5 4. Nf3 Nbd7 5. Bc4 Be7 6. 0-0 0-0 7. a4 c6 8. b3 exd4 9. Nxd4 Ne5 10. Be2 Re8 11. f4 Ng6 12. Kh1 Qa5 13. Bb2 Bd8 14. Qd3 Bb6 15. Rad1 Bg4 16. Bxg4 Nxg4 17. h3 Qh5 18. Qf3 Bxd4 19. Rxd4 Nf6 20. Qd3 Qh4 21. Bc1 Nh5 22. Kh2 Ngxf4 23. Qf3 Ne6 24. Rxd6 Re7 25. g4 Nf6 26. e5 Nd7 27. Ne4 Nxe5 28. Qf5 Ng6 29. Be3 Rae8 30. Rd2 Rc7 31. Ng5 Nh8 32. Nxe6 fxe6 33. Qe5 Qe7 34. Bc5 Ng6 35. Qe3 Qh4 36. g5 e5 37. Rdf2 Rcc8 38. Rf7 b6 39. Bd6 Rcd8 40. Bc7 Rd4 41. Bxe5 Nxe5 42. Qxe5 Rd2+ 43. Kg1 Qd4+ 44. Qxd4 Rxd4 45. Rxa7 Rd5 46. h4 Rd4 47. Rff7 Rxh4 48. Rxg7+ Kh8 49. Kf2 Ree4 50. Rgf7 Kg8 51. Kf3 Re8 52. Rab7 Rh2 53. Rfd7 c5 54. Rxb6 Rhe2 55. a5 R8e3+ 56. Kf4 Re4+ 57. Kf5 Re5+ 58. Kf6 Re8 59. g6 Rf2+ 60. Kg5 Rg2+ 61. Kf5 Rf8+ 62. Rf7 Rf2+ 63. Ke5 Re8+ 64. Kd5 Rd2+ 65. Kxc5 hxg6 66. Rff6 Rxc2+ 67. Kb4 g5 68. Rg6+ Kh7 69. Rxg5 Re4+ 70. Ka3 Ree2 71. a6 Ra2+ 72. Kb4 Re4+ 73. Kb5 Re8 74. b4 Rc8 75. Rb7+ Kh6 76. Rgg7 Ra8 77. a7 Rf8 78. Rgf7 Rg8 79. Rb8 Rxa7 80. Rb6+ 1-0

[Event "Yuzhny FO-ch op"]
[Site "Armavir"]
[Date "2011.03.19"]
[Round "8"]
[White "Gladkov, Kirill"]
[Black "Petrova, Olga"]
[Result "0-1"]
[WhiteElo "2077"]
[BlackElo "2230"]
[PlyCount "72"]
[EventDate "2011.03.12"]
[EventType "swiss"]
[EventRounds "9"]
[EventCountry "RUS"]
[SourceTitle "CBM 141 Extra"]
[Source "ChessBase"]
[SourceDate "2011.05.03"]
[SourceVersion "1"]
[SourceVersionDate "2011.05.03"]
[SourceQuality "1"]

1. c4 Nf6 2. Nc3 g6 3. g3 Bg7 4. Bg2 d6 5. e3 Nc6 6. Nge2 e5 7. Rb1 a5 8. a3 Be6 9. d3 Qd7 10. h3 0-0 11. Nd5 Ne8 12. b4 axb4 13. axb4 f5 14. 0-0 f4 15. exf4 Bxh3 16. Bxh3 Qxh3 17. Nec3 Nd4 18. Ne4 c6 19. Ng5 Qh5 20. Qxh5 gxh5 21. Nc3 exf4 22. Bxf4 Ra3 23. Nge4 Rf5 24. Nd1 Ne2+ 25. Kg2 Nxf4+ 26. gxf4 Rxd3 27. Ng3 Rxf4 28. Ne3 Nf6 29. Rh1 Rd2 30. Nxh5 Rfxf2+ 31. Kg1 Nxh5 32. Rxh5 Bd4 33. Rg5+ Kf7 34. Rg3 Rfe2 35. Rf1+ Ke6 36. Rh3 Bxe3+ 0-1

[Event "Yuzhny FO-ch op"]
[Site "Armavir"]
[Date "2011.03.18"]
[Round "7"]
[White "Petrova, Olga"]
[Black "Bondarev, Boris"]
[Result "1-0"]
[WhiteElo "2230"]
[BlackElo "2112"]
[PlyCount "61"]
[EventDate "2011.03.12"]
[EventType "swiss"]
[EventRounds "9"]
[EventCountry "RUS"]
[SourceTitle "CBM 141 Extra"]
[Source "ChessBase"]
[SourceDate "2011.05.03"]
[SourceVersion "1"]
[SourceVersionDate "2011.05.03"]
[SourceQuality "1"]

1. e4 e5 2. Nc3 Nc6 3. Bc4 Nf6 4. d3 Bb4 5. Nge2 Na5 6. 0-0 Nxc4 7. dxc4 h6 8. Nd5 Bf8 9. Qd3 c6 10. Nxf6+ Qxf6 11. Be3 Qd6 12. Qc3 Qc7 13. f4 d6 14. Ng3 exf4 15. Bxf4 Be6 16. c5 0-0-0 17. Rad1 Rg8 18. Qa3 g5 19. Bxd6 Bxd6 20. cxd6 Qb6+ 21. Kh1 h5 22. Nf5 Bxf5 23. Rxf5 Rd7 24. c4 a6 25. e5 g4 26. c5 Qd8 27. Rdf1 g3 28. Rxf7 Rxf7 29. Rxf7 Qh4 30. h3 Qd4 31. Qb3 1-0

[Event "RUS-ch (Women) 1st League 61st"]
[Site "Ivanovo"]
[Date "2011.02.27"]
[Round "7"]
[White "Sazonova, Elena"]
[Black "Petrova, Olga"]
[Result "0-1"]
[WhiteElo "2162"]
[BlackElo "2230"]
[PlyCount "118"]
[EventDate "2011.02.21"]
[EventType "swiss"]
[EventRounds "9"]
[EventCountry "RUS"]
[SourceTitle "CBM 141 Extra"]
[Source "ChessBase"]
[SourceDate "2011.05.03"]
[SourceVersion "1"]
[SourceVersionDate "2011.05.03"]
[SourceQuality "1"]

1. e4 d6 2. d4 Nf6 3. Nc3 c6 4. Be3 Nbd7 5. Be2 e5 6. Qd2 Be7 7. f4 b5 8. a3 a6 9. Bf3 0-0 10. Nge2 c5 11. dxe5 dxe5 12. Nd5 Nxd5 13. exd5 Bd6 14. 0-0 Bb7 15. Rad1 Qe7 16. Ng3 f5 17. Rfe1 e4 18. Be2 c4 19. Kh1 g6 20. Bd4 Qh4 21. Rf1 Rad8 22. Bc3 Nf6 23. Qe3 Rd7 24. a4 Nxd5 25. Rxd5 Bxd5 26. axb5 axb5 27. b3 Be7 28. Rd1 cxb3 29. cxb3 Be6 30. Rxd7 Bxd7 31. Qd4 Bf6 32. Qxd7 Bxc3 33. Qxb5 Kh8 34. Qc5 Bg7 35. Qd6 g5 36. fxg5 f4 37. Nf1 f3 38. gxf3 Qf2 39. Bc4 Qxf3+ 40. Kg1 Qf5 41. Qd2 Be5 42. Ng3 Qf3 43. Nf1 Bc3 44. Qg2 Bd4+ 45. Kh1 Qxg2+ 46. Kxg2 Rf2+ 47. Kh3 Be5 48. Ng3 e3 49. Ne2 Kg7 50. Kg4 Bxh2 51. Kh5 Bd6 52. Nd4 Be5 53. Ne2 Rg2 54. b4 Bd6 55. Nd4 Kh8 56. b5 Be7 57. Nf3 e2 58. b6 Rxg5+ 59. Kh6 Rg3 0-1